000 00970nam a2200289 c 4500
003 BLK
005 20230606143626.0
008 180410b bul|||||r ||||||| ||bul||
010 _aKNG00170872000
040 _aBLK
041 _aBUL
_cBUL
080 _aБългарска литература
_b821.163.2
_x-32
_z821.163.2-32
100 1 _aВапцарова, Райна
_eпърви автор
_9335958
139 _aВапцарова, Райна
_bВ 21
245 1 0 _aСърчице струна
_bПовест
_cРайна Вапцарова.
257 _aBGR
260 София
_bБълг. писател
_c1962
300 _a220 с.
_c18 см
380 _aX
500 _a8 100 тир.
852 _aЦб І 5611
856 4 _qpdf
_u
856 4 _qpdf
_u
942 _cKNG
_n0
_05
944 _aCR
_c06.02.2015
_l06.02.2015 - от С1,Р / 06.02.2015
_kНора_Радева
944 _aED
_c06.02.2015
_l06.02.2015 - от С1,Р / 06.02.2015
_k
999 _c163462
_d163462